00973nam a22002177a 450000500170000000800410001702000150005804000090007304100080008208200200009010000190011024500270012926000330015630000260018936500300021552004410024565000130068665000150069965000200071470000210073420220512143123.0220512b ||||| |||| 00| 0 eng d a053384007x cAloy aeng 223a152.4bGOLE aDaniel Goleman aEmotional intelligence aNew YorkbBantam Booksc1996 axv,413p.bPBc17x10cm 2Psychologyb7.50c$d7.50 aThe book was originally presented in 5 parts on the emotional brain, emotional intelligence, applications, societal influences and emotional literacy. In our full Emotional Intelligence summary, you’ll find these insights consolidated into 4 sections to explain the biology and neurology behind emotions, the dangers of emotional illiteracy, and how to develop emotional intelligence for better outcomes. Here are some key highlights. aEmotions aPsychology aEmotional Brain aGOLEMAN (Daniel)